| 000 | 00595nam a22001937a 4500 | ||
|---|---|---|---|
| 005 | 20251108171838.0 | ||
| 008 | 250721s1996 xx 000 0 ara d | ||
| 082 | 1 | 4 | _a306.84/بدا |
| 100 | 1 | _aبدارنة، عادل | |
| 245 | 1 | 0 | _aحفل الزفاف الجماعي الأول الذي اقامته جمعية العفاف.... / |
| 264 | 1 |
_aعمان : _bجمعية العفاف الخيرية، _c1996. |
|
| 300 | _a40 ص. | ||
| 650 | 1 | 7 | _aالزواج |
| 650 | 1 | 7 | _aالجماعي |
| 650 | 1 | 7 | _aالأردن |
| 700 | 1 | _aسرحان، مفيد | |
| 942 |
_2ddc _cBK |
||
| 999 |
_c64123 _d64123 |
||